| 000 | 00624nam a2200217 i 4500 | ||
|---|---|---|---|
| 001 | 103701 | ||
| 003 | ES-MaACL | ||
| 005 | 20230906183428.0 | ||
| 007 | t| | ||
| 008 | 060504s2005 sp ||||1| spa d | ||
| 020 | _a84-95763-85-0 | ||
| 080 | _a821.134.2(861)-14"19" | ||
| 100 | 1 |
_aGarcía Quintero, Felipe. _955147 |
|
| 245 | 1 | 3 |
_aLa herida del comienzo / _cFelipe García Quintero. |
| 260 |
_aGranada : _bAsociación Cultural Alhaja, _c2005. |
||
| 300 |
_a50 p. ; _c21 cm. |
||
| 490 | 1 |
_aAlhucema ; _v5 |
|
| 830 | 0 |
_aAlhucema ; _v5 _9232599 |
|
| 852 |
_aES-MaACL _j2201-F-8 _bR.137137 |
||
| 999 |
_c103701 _d103701 |
||